| 000 | 00420nam a2200169Ia 4500 | ||
|---|---|---|---|
| 005 | 20251020182529.0 | ||
| 008 | 200515s9999 xx 000 0 und d | ||
| 082 | _a696.6/G88 | ||
| 100 | _aGUERRERO FERNANDEZ, Alberto | ||
| 245 | 0 | _aInstalaciones eléctricas en las edificaciones | |
| 260 | _aMadrid | ||
| 260 | _c1992 | ||
| 500 | _a1 ejemplar | ||
| 650 | _aINSTALACIONES ELECTRICAS | ||
| 650 | _aLIB | ||
| 942 | _cLIB | ||
| 999 |
_c2020 _d2020 |
||